El Ingenioso Hidalgo Don Quixote de la Mancha (Record no. 2109)

MARC details
000 -CABECERA
campo de control de longitud fija 01697nam a2200289 a 4500
001 - NÚMERO DE CONTROL
campo de control BRCA_2368
005 - FECHA Y HORA DE LA ÚLTIMA TRANSACCIÓN
campo de control 20190320203757.0
008 - DATOS DE LONGITUD FIJA--INFORMACIÓN GENERAL
campo de control de longitud fija 061108s1605----sp-#---###---#000-0#spa-u
041 ## - CÓDIGO DE LENGUA
Código de lengua del texto/banda sonora o título independiente spa
044 ## - CÓDIGO DEL PAÍS DE LA ENTIDAD EDITORA/PRODUCTORA
Código MARC del país sp
084 ## - OTRO NÚMERO DE CLASIFICACIÓN
Número de clasificación 009
Número de documento/Ítem .M49
-- 1605
100 1# - ENTRADA PRINCIPAL--NOMBRE DE PERSONA
Nombre de persona Cervantes Saavedra, Miguel de
Fechas asociadas al nombre 1547-1616
9 (RLIN) 213
245 10 - MENCIÓN DE TÍTULO
Título El Ingenioso Hidalgo Don Quixote de la Mancha
Resto del título dirigido al Duque de Béjar, Marquéz de Gibraleón, Conde de Benalcazar y Bañares, Vizconde de la Puebla de Alcozer, Señor de las villas de Capilla, Curiel y Burguillos
Mención de responsabilidad, etc. compuesto por Miguel de Cervantes Saavedra.
260 ## - PUBLICACIÓN, DISTRIBUCIÓN, ETC.
Lugar de publicación, distribución, etc. Valencia
Nombre del editor, distribuidor, etc. Pedro Patricio Mey
Fecha de publicación, distribución, etc. 1605
300 ## - DESCRIPCIÓN FÍSICA
Extensión 1 v. (en varias paginaciones)
Dimensiones 16 cm.
500 ## - NOTA GENERAL
Nota general Contenido : Dedicatoria del autor al Duque de Béjar. Prólogo del autor. Versos preliminares. Texto
500 ## - NOTA GENERAL
Nota general Segunda edición de Valencia. Aprobación fechada en Valencia, a 18 de julio de 1605. El privilegio dado en Valencia, a 9 de febrero de 1605. Sigue el texto de la segunda edición de Cuesta de la que corrigió algunas erratas a cambio de otras muchas, que se estamparon de nuevo. Contiene, además, algunas adiciones caprichosas que alteran el texto. Encuadernada en pergamino Lúdovik Osterc
500 ## - NOTA GENERAL
Nota general Estado físico : Anotaciones manuscritas en las guardas y a lo largo del texto
500 ## - NOTA GENERAL
Nota general Con ex-libris de : John Murray
650 14 - PUNTO DE ACCESO ADICIONAL DE MATERIA--TÉRMINO DE MATERIA
Término de materia o nombre geográfico como elemento de entrada Novela española
Subdivisión cronológica Época clásica, 1500-1700
9 (RLIN) 215
650 14 - PUNTO DE ACCESO ADICIONAL DE MATERIA--TÉRMINO DE MATERIA
Término de materia o nombre geográfico como elemento de entrada Literatura española
Subdivisión general Época clásica, 1500-1700
9 (RLIN) 7078
650 14 - PUNTO DE ACCESO ADICIONAL DE MATERIA--TÉRMINO DE MATERIA
Término de materia o nombre geográfico como elemento de entrada Novela española
Subdivisión cronológica Siglo XVII
9 (RLIN) 217
650 14 - PUNTO DE ACCESO ADICIONAL DE MATERIA--TÉRMINO DE MATERIA
Término de materia o nombre geográfico como elemento de entrada Don Quijote (Personaje ficticio)
Término indicativo de función/relación Novela
9 (RLIN) 218
740 0# - PUNTO DE ACCESO ADICIONAL--TÍTULO RELACIONADO O ANALÍTICO NO CONTROLADO
Título relacionado o analítico no controlado El Ingenioso Hidalgo Don Quijote de la Mancha
902 ## - CATALOGADOR
Iniciales QFM
942 ## - ELEMENTOS DE PUNTO DE ACCESO ADICIONAL (KOHA)
Fuente del sistema de clasificación o colocación Library of Congress Classification
Tipo de ítem Koha Libros
Holdings
Estado de retiro Estado de pérdida Estado dañado No para préstamo Localización permanente Ubicación/localización actual Fecha de adquisición Total de préstamos Signatura topográfica completa Código de barras Fecha visto por última vez Precio válido a partir de Tipo de ítem Koha
El ejemplar forma parte de la colección y puede ser consultado según las políticas vigentes.       Biblioteca del Museo Franz Mayer (Rogerio Casas-Alatriste) Biblioteca del Museo Franz Mayer (Rogerio Casas-Alatriste) 06/11/2008   009 .M49 1605 2365 22/03/2019 22/03/2019 Libros